000 00723nam a22002177a 4500
005 20150713143030.0
010 _aENG-113102
020 _a9788189640989
_c495.00
035 _aEN-96634
037 _bDBAD/PUB
082 _a378.54
100 _aSudhanshu Bhushan
245 _aPublic financing and deregulated fees in Indian higher education /
_cby Sudhanshu Bhushan
260 _aNew Delhi
_bBookwell
_c2010
270 _a3/79, Nirankari Colony,
_bNew Delhi
_e110009
300 _axvi,198p. :
_c23cm(Hb)
_bill.
500 _a Includes bibliographical references (pages 193-198).
650 _aEducation, Higher
_zIndia
_x Finance.
650 _a Tuition
_zIndia.
942 _2ddc
_cEN
_mSUD
_h378.54
999 _c93689
_d93689